Указ Президиума Верховного Совета СССР о награждении орденами и медалями СССР работников МВД Пензенской, Псковской, Ростовской и...

RUSMARC
00005608nac2a22003613x 450
0017f7eab06-55a0-4e64-8a9c-d04750c9cd79
00520260119130414.0
100##$a20251101l1947 k y0rusy50 ca
1010#$arus
102##$aRU
105##$ay z |||||
1220#$ad19470521
2001#$aУказ Президиума Верховного Совета СССР о награждении орденами и медалями СССР работников МВД Пензенской, Псковской, Ростовской и Рязанской областей, принятый 21 мая 1947 года (к протоколу № 12)
$j21 мая 1947
215##$a17 листов
$d28,7 х 20,1
251##$cДело
300##$aЗаголовок дела на папке: Указ Президиума Верховного Совета Союза ССР о награждении орденами и медалями СССР работников МВД Пензенской, Псковской, Ростовской и Рязанской областей, принятый 21 мая 1947 года (к протоколу № 12)
300##$aЭкз. № 1
300##$aМашинописный текст с рукописными пометками
461#0$1001d61833fe-7036-4123-ba24-5c83654b2cf0
$12001
$aВерховный Совет СССР
$1251
$cФонд
$1852
$gР
$j7523
462#0$1001f97228f9-855d-4329-90f3-ac5adbe8c7dc
$12001
$aПодлинные протоколы заседаний Президиума Верховного Совета СССР и материалов к ним второго созыва
$vД. 135
$1251
$cОпись
$1852
$j36
5171#$aУказ Президиума Верховного Совета Союза ССР о награждении орденами и медалями СССР работников МВД Пензенской, Псковской, Ростовской и Рязанской областей, принятый 21 мая 1947 года (к протоколу № 12)
60102$aМВД Пензенской области
60102$aМВД Псковской области
60102$aМВД Ростовской области
60102$aМВД Рязанской области
605##$3DITM\AF\0000002775
$aВласть
$lколлекция
$2acquisition_prlib
6101#$aУказ
$aНаграждение
$aОрдена СССР
$aМедали СССР
$aРаботники МВД
$a21 мая 1947 года
$aПротокол
686##$a63.3(2)62-332ю1
$cИстория
$2rubbk
686##$a67.400.6ю1
$cПраво
$2rubbk
71001$3RU\NLR\AUTH\8810065327
$aСССР
$bВерховный Совет
$bПрезидиум
801#0$aRU
$bGA_RF
801#1$aRU
$bГлавНИВЦ
$c20251101
$2rusmarc
801#2$aRU
$bПБ им. Б.Н. Ельцина
$c20260119
$gRCR
$2rusmarc
852##$aГА РФ
$j135
937##$d200058316
$hГАРФ
035##$aRuPRLIB51080897
856##$uhttp://readingroom.main.prlib.ru/item.aspx?id_node=n200058316&mode=full
Формат отображения